书目信息 |
| 题名: |
法理学的范围
|
|
| 作者: | 奥斯丁 著 ;刘星 译 | |
| 分册: | ||
| 出版信息: | 北京 北京大学出版社 2013 |
|
| 页数: | 18,413页 | |
| 开本: | 21cm | |
| 丛书名: | ||
| 单 册: | ||
| 中图分类: | D903 | |
| 科图分类: | ||
| 主题词: | 法理学--研究 , 法理学 | |
| 电子资源: | ||
| ISBN: | 978-7-301-22637-7 | |
| 000 | 00938nam0 2200277 450 | |
| 001 | 523 | |
| 005 | 20140905102217.23 | |
| 010 | @a978-7-301-22637-7@dCNY38.00 | |
| 100 | @a20131028d2013 em y0chiy50 ea | |
| 101 | 1 | @achi@ceng |
| 102 | @aCN@b110000 | |
| 105 | @ay z 000yy | |
| 106 | @ar | |
| 200 | 1 | @a法理学的范围@AFa Li Xue De Fan Wei@e中译本@EZhong Yi Ben@f(英)约翰·奥斯丁著@F( Ying ) Yue Han· Ao Si Ding Zhu@g刘星译 |
| 205 | @a2版 | |
| 210 | @a北京@c北京大学出版社@d2013 | |
| 215 | @a18,413页@d21cm | |
| 300 | @a未名社科·大学经典 | |
| 330 | @a本书共有六讲,包括:法的本质、法律是主权者的命令、实际存在的社会理论规则的特点、实际存在的由人制定的法的特点等内容。 | |
| 606 | 0 | @a法理学@x研究 |
| 606 | 0 | @a法理学 |
| 690 | @aD903@v5 | |
| 701 | 0 | @c(英)@a奥斯丁@AAo Si Ding@c(Austin,John@f1790~1859)@4著 |
| 702 | 0 | @a刘星@ALiu Xing@c(翻译)@4译 |
| 801 | 0 | @aCN@bTANGWEI@c20140603 |
| 905 | @b0841406-08@dD903@e507=2@f3 | |
| 法理学的范围:中译本/(英)约翰·奥斯丁著/刘星译.-2版.-北京:北京大学出版社,2013 |
| 18,413页;21cm |
| 未名社科·大学经典 |
| ISBN 978-7-301-22637-7:CNY38.00 |
| 本书共有六讲,包括:法的本质、法律是主权者的命令、实际存在的社会理论规则的特点、实际存在的由人制定的法的特点等内容。 |
| ● |
| 相关链接 |
|
|
|
|
正题名:法理学的范围
索取号:D903/507=2
 
预约/预借
| 序号 | 登录号 | 条形码 | 馆藏地/架位号 | 状态 | 备注 |
| 1 | 0841406 | 208414063 | 第一样本阅览室/ [索取号:D903/507=2] | 在馆 | |
| 2 | 0841407 | 208414072 | 第一借阅区/ [索取号:D903/507=2] | 在馆 | |
| 3 | 0841408 | 208414081 | 密集书库-史法系/ [索取号:D903/507=2] | 在馆 |